00741nam a2200229Ia 4500003000400000005001700004008004100021020000700062040000900069082001700078100001900095245008800114250000700202260004100209300003000250500001600280600003300296650001300329942001200342952014000354999001700494OSt20241010055024.0240925s9999 xx 000 0 und d aNA cدف a297.4393 CHU aChugtai, Asmat 0aAik Qatra Khoon: dastan e Karbala (ایک قطرہ خون: داستان کربلا) aNA aKarachi:bShoaib Publicationc,2015. axxvii, 529p.b0fOriginal aInclude CIP aHumanities & Natural Science aReligion cBK2ddc 001040708HUMaUITUbUITUd2018-05-09eNational Book Foundationg700.00l0o297.4393 CHUpQ11814r2024-09-25 07:16:13w2024-09-25yBK c14313d14313